Statistics for Municipalities of Niigata Prefecture

Click here to take the quiz!

General Stats

  • This quiz has been taken 48 times
  • The average score is 22 of 30

Answers on the Map

Answers color-coded by a green-red scale on the quiz's map according to % correct below.
 

Answer Stats

Answer% Correct
Joetsu 上越
100%
Niigata 新潟
100%
Sado 佐渡
100%
Nagaoka 長岡
96%
Sanjo 三条
96%
Murakami 村上
92%
Myoko 妙高
92%
Tsubame 燕
88%
Itoigawa 糸魚川
85%
Kashiwazaki 柏崎
85%
Uonuma 魚沼
85%
Shibata 新発田
77%
Minamiuonuma 南魚沼
73%
Aga 阿賀
69%
Ojiya 小千谷
69%
Tokamachi 十日町
69%
Yuzawa 湯沢
69%
Agano 阿賀野
62%
Kariwa 刈羽
62%
Tainai 胎内
62%
Yahiko 弥彦
62%
Awashimaura 粟島浦
58%
Gosen 五泉
58%
Sekikawa 関川
58%
Tsunan 津南
58%
Izumozaki 出雲崎
54%
Mitsuke 見附
54%
Seiro 聖籠
54%
Kamo 加茂
50%
Tagami 田上
50%

Score Distribution

Percentile by Number Answered

Percent of People with Each Score

Your Score History

You have not taken this quiz